[Event "PNWCC Masters 2020"]
[Site "chess.com INT"]
[Date "2020.05.23"]
[Round "1.1"]
[White "Xiong, Jeffery"]
[Black "Green, Austen"]
[Result "1-0"]
[WhiteTitle "GM"]
[WhiteElo "2709"]
[BlackElo "2126"]
[WhiteFideId "2047640"]
[BlackFideId "2017865"]
[EventDate "2020.05.23"]

1. d4 f5 2. c4 Nf6 3. Nc3 d6 4. Bg5 Nbd7 5. Qc2 g6 6. h4 Bg7 7. Nh3 c6 8. Nf4
Nf8 9. h5 Ne4 10. Nxe4 fxe4 11. O-O-O h6 12. Nxg6 hxg5 13. Nxh8 Bxh8 14. Qxe4
Qa5 15. a3 Bf5 16. Qf3 g4 17. Qb3 O-O-O 18. e3 e5 19. Bd3 exd4 20. exd4 Ne6 21.
c5 Nxd4 22. Bxf5+ Kb8 23. Rxd4 Bxd4 24. Bxg4 Bxf2 25. h6 Qxc5+ 26. Kb1 Qg5 27.
h7 Bd4 28. Bf3 d5 29. Qd3 Bh8 30. Re1 c5 31. Ka2 c4 32. Qe3 Qf6 33. Re2 d4 34.
Qe7 Qb6 35. Re6 Qb3+ 36. Ka1 Rc8 37. Qd6+ Ka8 38. Qd7 Rb8 39. Re8 a6 40. Rxb8+
Kxb8 41. Qd8+ Ka7 42. Qxh8 c3 43. Qxd4+ Kb8 44. h8=Q+ 1-0

[Event "PNWCC Masters 2020"]
[Site "chess.com INT"]
[Date "2020.05.23"]
[Round "1.2"]
[White "Hu, Merric"]
[Black "Vitiugov, Nikita"]
[Result "0-1"]
[BlackTitle "GM"]
[WhiteElo "2080"]
[BlackElo "2722"]
[WhiteFideId "30906660"]
[BlackFideId "4152956"]
[EventDate "2020.05.23"]

1. e4 c5 2. Nf3 a6 3. d4 cxd4 4. Nxd4 Nf6 5. Nc3 e5 6. Nf3 Bb4 7. Bg5 d6 8. Bc4
Be6 9. Bxf6 Qxf6 10. Bd5 Nc6 11. a3 Bxc3+ 12. bxc3 Rc8 13. Rb1 Qe7 14. O-O O-O
15. Qd3 Na5 16. Rfd1 Rfd8 17. c4 Bxd5 18. cxd5 Rc5 19. Nd2 Rdc8 20. Nb3 Nxb3 21.
cxb3 Rc3 22. Qd2 h6 23. Rdc1 Qc7 24. Rxc3 Qxc3 25. Qxc3 Rxc3 26. Kf1 g6 27. Ke2
Rc2+ 28. Ke3 f5 29. exf5 gxf5 30. f3 Rxg2 31. Rc1 Rb2 32. Rc8+ Kf7 33. Rc7+ Kf6
34. Rxb7 f4+ 35. Kd3 Rf2 36. Rb6 Rxf3+ 37. Ke2 Re3+ 38. Kf2 Kf5 39. Rxd6 Rxb3
40. Rxa6 Rb2+ 41. Kf1 Ke4 42. Re6 Kxd5 43. Rxh6 Ke4 44. Rh5 Ra2 45. h4 f3 46.
Rg5 Kf4 47. Rg8 Ke3 0-1

[Event "PNWCC Masters 2020"]
[Site "chess.com INT"]
[Date "2020.05.23"]
[Round "1.3"]
[White "Oparin, Grigoriy"]
[Black "Zong, Davis"]
[Result "1-0"]
[WhiteTitle "GM"]
[WhiteElo "2652"]
[BlackElo "2129"]
[WhiteFideId "24125890"]
[BlackFideId "30903955"]
[EventDate "2020.05.23"]

1. d4 d5 2. Nf3 Nf6 3. c4 c6 4. Nc3 e6 5. e3 Nbd7 6. Bd3 Bd6 7. O-O dxc4 8. Bxc4
b5 9. Bd3 Bb7 10. e4 e5 11. dxe5 Nxe5 12. Nxe5 Bxe5 13. f4 Bd4+ 14. Kh1 h5 15.
Qe1 Ng4 16. Be2 b4 17. Nd1 c5 18. Ne3 Nxe3 19. Bxe3 Bxe3 20. Bb5+ Kf8 21. Qxe3
Qd4 22. Qxd4 cxd4 23. Rfd1 Rd8 24. Bd3 Rh6 25. Rac1 Ba6 26. Kg1 Bxd3 27. Rxd3
Ra6 28. a3 bxa3 29. bxa3 Ra4 30. Kf2 Ke7 31. Kf3 Rd6 32. Rc7+ Rd7 33. Rc5 g6 34.
e5 Ke6 35. g3 Rd5 36. Rc6+ Kd7 37. Rf6 Ke7 38. Ke4 Rda5 39. Rb3 d3+ 40. Ke3 Rxa3
41. Rb7+ Ke8 42. Rfxf7 d2+ 43. Kxd2 Ra2+ 44. Ke1 Ra1+ 45. Kf2 R1a2+ 46. Kf1 Rc5
47. Rfc7 Rxc7 48. Rxc7 Rxh2 49. Rxa7 Rb2 50. Rg7 h4 51. Rxg6 hxg3 52. Rxg3 Kf7
53. f5 Ra2 54. Re3 Rh2 55. e6+ Ke7 56. f6+ Ke8 57. Ra3 Kd8 58. e7+ Kd7 59. Ra7+ 1-0

[Event "PNWCC Masters 2020"]
[Site "chess.com INT"]
[Date "2020.05.23"]
[Round "1.4"]
[White "Zhao, Erick"]
[Black "Kuzubov, Yuriy"]
[Result "0-1"]
[WhiteTitle "CM"]
[BlackTitle "GM"]
[WhiteElo "2039"]
[BlackElo "2643"]
[WhiteFideId "30946930"]
[BlackFideId "14112906"]
[EventDate "2020.05.23"]

1. e4 c5 2. Nf3 Nc6 3. Bb5 d6 4. O-O Bd7 5. c3 a6 6. Ba4 Nf6 7. Re1 b5 8. Bc2 e5
9. d4 cxd4 10. cxd4 Bg4 11. Be3 Bxf3 12. gxf3 exd4 13. Bxd4 Be7 14. Nc3 O-O 15.
a3 Qd7 16. Ne2 Qh3 17. Ng3 Nxd4 18. Qxd4 Nh5 19. e5 Nxg3 20. hxg3 dxe5 21. Qxe5
Bf6 22. Qe2 Bxb2 23. Bxh7+ Kxh7 24. Qxb2 Rh8 25. Re4 Kg8 26. Rh4 Rxh4 27. gxh4
Re8 28. Rd1 Re6 29. Rd8+ Kh7 30. Rd5 Re1# 0-1

[Event "PNWCC Masters 2020"]
[Site "chess.com INT"]
[Date "2020.05.23"]
[Round "1.5"]
[White "Sevian, Samuel"]
[Black "Yan, Ruiyang"]
[Result "1-0"]
[WhiteTitle "GM"]
[BlackTitle "WCM"]
[WhiteElo "2660"]
[BlackElo "2093"]
[WhiteFideId "2040506"]
[BlackFideId "30919860"]
[EventDate "2020.05.23"]

1. e4 c5 2. Nf3 d6 3. Bc4 Nf6 4. d3 e6 5. O-O Be7 6. Re1 Nc6 7. c3 O-O 8. Bb3 b5
9. Nbd2 Bb7 10. Nf1 Rc8 11. Ng3 Re8 12. d4 e5 13. d5 Nb8 14. a4 a6 15. axb5 axb5
16. Nf5 Bf8 17. Bc2 Nbd7 18. b4 Ra8 19. Be3 Qc7 20. Qe2 c4 21. h3 Nb6 22. Nh2 h6
23. Qf3 Nbd7 24. Ng4 Nxg4 25. hxg4 Qd8 26. g3 Qf6 27. Kg2 g6 28. Nxh6+ Bxh6 29.
Bxh6 Qxf3+ 30. Kxf3 Nb6 31. Ke2 f6 32. Be3 Na4 33. Kd2 Bc8 34. f3 Bd7 35. Rh1
Kg7 36. g5 f5 37. Rh6 Rf8 38. Rah1 Rh8 39. Rxh8 Rxh8 40. Rxh8 Kxh8 41. Ba7 Kg7
42. Bb8 Kf7 43. Bxd6 fxe4 44. fxe4 Nb6 45. Bxe5 Bg4 46. Bd4 Nc8 47. e5 Ne7 48.
e6+ Ke8 49. d6 Nf5 50. d7+ Kd8 51. Bxf5 Bxf5 52. Bf6+ 1-0

[Event "PNWCC Masters 2020"]
[Site "chess.com INT"]
[Date "2020.05.23"]
[Round "1.6"]
[White "Wang, Alex Yuxuan"]
[Black "Postny, Evgeny"]
[Result "0-1"]
[BlackTitle "GM"]
[WhiteElo "1983"]
[BlackElo "2600"]
[WhiteFideId "30943876"]
[BlackFideId "2804344"]
[EventDate "2020.05.23"]

1. d4 d5 2. c4 dxc4 3. Nf3 Nf6 4. e3 e6 5. Bxc4 a6 6. O-O b5 7. Be2 Bb7 8. a3 c5
9. Nc3 Nbd7 10. dxc5 Nxc5 11. b4 Qxd1 12. Rxd1 Nb3 13. Rb1 Nxc1 14. Rbxc1 Be7
15. Nd4 Rc8 16. Ncxb5 Rxc1 17. Rxc1 axb5 18. Rc7 Bd5 19. Rc8+ Bd8 20. Bxb5+ Ke7
21. a4 Rf8 22. a5 Kd6 23. Ba4 Be7 24. Nb5+ Ke5 25. f4+ Kf5 26. Rxf8 Bxf8 27. a6
Bxb4 28. a7 Bc5 0-1

[Event "PNWCC Masters 2020"]
[Site "chess.com INT"]
[Date "2020.05.23"]
[Round "1.7"]
[White "Fedoseev, Vladimir3"]
[Black "Eidelman, Gabriel"]
[Result "1-0"]
[WhiteTitle "GM"]
[WhiteElo "2678"]
[BlackElo "1988"]
[WhiteFideId "24130737"]
[BlackFideId "30910544"]
[EventDate "2020.05.23"]

1. e4 c5 2. Nf3 d6 3. d4 cxd4 4. Nxd4 Nf6 5. Nc3 a6 6. Be3 e5 7. Nb3 Be6 8. f3
Be7 9. Qd2 O-O 10. O-O-O Nbd7 11. g4 b5 12. g5 b4 13. Ne2 Ne8 14. f4 a5 15. f5
Bxb3 16. cxb3 a4 17. Ng3 axb3 18. axb3 d5 19. f6 gxf6 20. Qxd5 Ra1+ 21. Kc2 Rxd1
22. Qxd1 Nd6 23. Bh3 Qc7+ 24. Kb1 Rd8 25. gxf6 Nxf6 26. Qg1 Qb7 27. Nh5+ Kf8 28.
Qg7+ Ke8 29. Qh8+ 1-0

[Event "PNWCC Masters 2020"]
[Site "chess.com INT"]
[Date "2020.05.23"]
[Round "1.8"]
[White "Lu, Jason"]
[Black "Guseinov, Gadir"]
[Result "0-1"]
[BlackTitle "GM"]
[WhiteElo "2024"]
[BlackElo "2665"]
[WhiteFideId "30938040"]
[BlackFideId "13401378"]
[EventDate "2020.05.23"]

1. e4 c5 2. Nf3 Nc6 3. d4 cxd4 4. Nxd4 Nf6 5. Nc3 d6 6. Bg5 e6 7. Qd2 Bd7 8.
O-O-O a6 9. f4 b5 10. a3 Rc8 11. Be2 h6 12. Bxf6 Qxf6 13. Rhf1 Qxd4 14. Qxd4
Nxd4 15. Rxd4 Be7 16. Rfd1 g5 17. f5 Rc5 18. f6 Bxf6 19. Rxd6 Bc6 20. Bf3 Be5
21. Rd8+ Ke7 22. Rxh8 Bxh8 23. Ne2 g4 24. Bxg4 Bxe4 25. c3 Bxg2 26. Rg1 Bb7 27.
Ng3 a5 28. Kd2 b4 29. axb4 axb4 30. cxb4 Rc4 31. Bd1 Bxb2 32. b5 Rb4 33. Be2 Bd4
34. Rc1 Kd6 35. Kd3 Bb6 36. Kc3 Rh4 0-1

[Event "PNWCC Masters 2020"]
[Site "chess.com INT"]
[Date "2020.05.23"]
[Round "1.9"]
[White "Predojevic, Borki"]
[Black "Zheng, Michael"]
[Result "1-0"]
[WhiteTitle "GM"]
[WhiteElo "2601"]
[BlackElo "2050"]
[WhiteFideId "930849"]
[BlackFideId "30930308"]
[EventDate "2020.05.23"]

1. Nf3 c5 2. c4 Nf6 3. Nc3 d5 4. cxd5 Nxd5 5. e3 Nxc3 6. dxc3 Qxd1+ 7. Kxd1 Nc6
8. e4 Bg4 9. Kc2 e6 10. Bb5 Bxf3 11. Bxc6+ bxc6 12. gxf3 O-O-O 13. Be3 Kb7 14.
Rad1 Be7 15. Kb3 Kb6 16. Kc4 e5 17. b4 g6 18. f4 f6 19. h4 exf4 20. bxc5+ Kb7
21. Bxf4 Rxd1 22. Rxd1 Rd8 23. Rb1+ Ka6 24. h5 g5 25. Be3 Rd7 26. Bd4 Rb7 27.
Rb4 Rd7 28. Rb8 Rd8 29. Rb1 Rd7 30. f4 Rd8 31. fxg5 fxg5 32. Rf1 Rf8 33. Rxf8
Bxf8 34. e5 Kb7 35. e6 Be7 36. Be5 Kc8 37. Kd4 Kd8 38. c4 Ke8 39. Bd6 Bf6+ 40.
Ke4 Be7 41. Kf5 Bd8 42. Be5 Be7 43. Bd4 Bd8 44. Be3 h6 45. Bd4 Be7 46. Kg6 Bf8
47. Be5 Ke7 48. Bd6+ Ke8 49. Kf6 a6 50. e7 1-0

[Event "PNWCC Masters 2020"]
[Site "chess.com INT"]
[Date "2020.05.23"]
[Round "1.10"]
[White "Beatrez, Patrick"]
[Black "Azarov, Sergei"]
[Result "1-0"]
[BlackTitle "GM"]
[WhiteElo "1879"]
[BlackElo "2604"]
[WhiteFideId "30937167"]
[BlackFideId "13501470"]
[EventDate "2020.05.23"]

1. e4 e5 2. Nf3 Nc6 3. Bc4 Bc5 4. b4 Bxb4 5. c3 Be7 6. Qb3 Nh6 7. d4 Na5 8. Qb5
Nxc4 9. Bxh6 gxh6 10. Qxc4 exd4 11. cxd4 c6 12. Nc3 d6 13. O-O Rg8 14. Kh1 Bg4
15. Rab1 Qd7 16. Nd2 Kf8 17. d5 Rc8 18. Qd4 Bh5 19. Qxa7 Bf6 20. dxc6 Qg4 21. g3
bxc6 22. f3 Qh3 23. Ne2 Be5 24. Qf2 Qe6 25. g4 Qxa2 26. Qe3 Bg6 27. f4 Bf6 28.
f5 Kg7 29. fxg6 hxg6 30. Rxf6 Kxf6 31. Qd4+ Ke7 32. Rb7+ Kf8 33. Nf4 Rg7 34. Ra7 1-0

[Event "PNWCC Masters 2020"]
[Site "chess.com INT"]
[Date "2020.05.23"]
[Round "1.11"]
[White "Bernadskiy, Vitaliy"]
[Black "Woodward, Andy"]
[Result "1-0"]
[WhiteTitle "GM"]
[WhiteElo "2629"]
[BlackElo "1856"]
[WhiteFideId "14100371"]
[BlackFideId "30953499"]
[EventDate "2020.05.23"]

1. e4 c5 2. Nf3 d6 3. d4 cxd4 4. Nxd4 Nf6 5. Nc3 a6 6. h3 e5 7. Nf3 h6 8. Be3
Be6 9. g4 Nc6 10. g5 hxg5 11. Nxg5 d5 12. exd5 Bxd5 13. Nxd5 Qxd5 14. Qxd5 Nxd5
15. Bc4 Nxe3 16. Bxf7+ Kd7 17. fxe3 Be7 18. O-O-O+ Kc7 19. Ne6+ Kb6 20. Rd7 Rac8
21. Bg6 Rh6 22. Bf5 g6 23. Bg4 e4 24. Rf1 Rh7 25. Nf4 Nb4 26. c3 Rc6 27. Kb1 g5
28. cxb4 gxf4 29. Rxf4 Rg7 30. Rxe4 Bf6 31. Rxg7 Bxg7 32. Re6 Bh6 33. Rxc6+ bxc6
34. e4 Kb5 35. a3 Bg5 36. Be2+ Kb6 37. e5 a5 38. bxa5+ Kxa5 39. b4+ Ka4 40. Ka2
Bf4 41. e6 Bg5 42. Bf3 Kb5 43. Kb3 Be7 44. a4+ Kb6 45. Kc4 Kc7 46. a5 Bh4 47. b5
cxb5+ 48. Kxb5 Bg5 49. a6 Be3 50. h4 Bf2 51. h5 Be3 52. h6 Bf2 53. h7 Bd4 54. a7
Bxa7 55. h8=Q Bd4 56. Qxd4 Kc8 57. Qd7+ Kb8 58. Qb7# 1-0

[Event "PNWCC Masters 2020"]
[Site "chess.com INT"]
[Date "2020.05.23"]
[Round "1.12"]
[White "Kumar, Naman"]
[Black "Fridman, Daniel"]
[Result "1/2-1/2"]
[BlackTitle "GM"]
[WhiteElo "2115"]
[BlackElo "2615"]
[WhiteFideId "30908922"]
[BlackFideId "11600454"]
[EventDate "2020.05.23"]

1. d4 d5 2. Nf3 Nf6 3. c4 e6 4. g3 Bb4+ 5. Bd2 a5 6. a3 Be7 7. Bg2 O-O 8. O-O c6
9. Qc2 Nbd7 10. Bg5 b5 11. cxb5 cxb5 12. Nbd2 Ba6 13. Rfc1 b4 14. e3 Rc8 15. Qa4
Qb6 16. Bf1 Bxf1 17. Rxf1 h6 18. Bxf6 Nxf6 19. Ne5 bxa3 20. bxa3 Rc3 21. Rfb1
Qc7 22. Nb3 Rb8 23. Nxa5 Ra8 24. Nec6 Rxc6 25. Qxc6 Qxa5 26. Rb7 Bf8 27. a4 Ne8
28. Rb5 Qd8 29. a5 Nd6 30. Rb6 Nc4 31. Ra6 Rxa6 32. Qxa6 Bb4 33. Rb1 Bxa5 34.
Rb7 Qf6 35. Qa8+ Kh7 36. Qf8 Be1 37. Rxf7 Bxf2+ 38. Kh1 Qg6 39. Rxf2 Nxe3 40.
Qb4 Qe4+ 41. Kg1 Nf5 42. Rf4 Qe3+ 43. Kg2 Qe2+ 44. Kg1 Qd1+ 45. Rf1 Qd3 46. Qb1
Qxd4+ 47. Kh1 Qg4 48. Rf4 Qg6 49. Kg1 h5 50. Kf2 Qf6 51. Rf3 g6 52. Qd3 Qb2+ 53.
Kg1 Kh6 54. Qc3 Qb1+ 55. Kg2 d4 56. Qd3 Qe1 57. Rf4 Ne3+ 58. Kh3 Qg1 59. Qe4 Ng4
60. Qg2 Qd1 61. Qa8 Qe2 62. Qh8+ Kg5 63. Qd8+ Kh6 64. Qh8+ Kg5 65. Qd8+ Kh6 66.
Qh8+ 1/2-1/2

[Event "PNWCC Masters 2020"]
[Site "chess.com INT"]
[Date "2020.05.23"]
[Round "1.13"]
[White "Chigaev, Maksim"]
[Black "Kondakov, Adrian"]
[Result "1-0"]
[WhiteTitle "GM"]
[BlackTitle "CM"]
[WhiteElo "2588"]
[BlackElo "1986"]
[WhiteFideId "4108116"]
[BlackFideId "30920302"]
[EventDate "2020.05.23"]

1. e4 e5 2. Nf3 Nc6 3. Bb5 a6 4. Ba4 Nf6 5. d3 b5 6. Bb3 Be7 7. a3 O-O 8. Nc3 d6
9. O-O Bg4 10. Be3 Nd4 11. Bxd4 exd4 12. Nd5 c5 13. h3 Be6 14. Nxf6+ Bxf6 15.
Bxe6 fxe6 16. a4 Qd7 17. b3 Be7 18. Qe2 Qe8 19. g3 Qf7 20. Kg2 e5 21. h4 Qe6 22.
Nd2 Qg6 23. Rh1 h5 24. Ra2 Kh8 25. Rha1 Rf4 26. axb5 Raf8 27. bxa6 Bxh4 28. Nf1
Rxf2+ 29. Qxf2 Rxf2+ 30. Kxf2 Qf7+ 31. Kg2 Bd8 32. a7 h4 33. a8=Q h3+ 34. Kg1
h2+ 35. Nxh2 1-0

[Event "PNWCC Masters 2020"]
[Site "chess.com INT"]
[Date "2020.05.23"]
[Round "1.14"]
[White "Singh, Hersh"]
[Black "Belous, Vladimir"]
[Result "0-1"]
[BlackTitle "GM"]
[WhiteElo "1906"]
[BlackElo "2524"]
[WhiteFideId "30918804"]
[BlackFideId "4174003"]
[EventDate "2020.05.23"]

1. d4 Nf6 2. c4 g6 3. g3 Bg7 4. Bg2 c5 5. d5 O-O 6. Nc3 e6 7. Nf3 exd5 8. cxd5
a6 9. a4 d6 10. O-O Re8 11. Bf4 h6 12. Qc1 Kh7 13. Re1 Nh5 14. Bd2 Nd7 15. e4 c4
16. Be3 Qc7 17. Bd4 Nc5 18. Bxg7 Nxg7 19. Qc2 Nd3 20. Re3 Bd7 21. Bf1 Ne5 22.
Nxe5 Rxe5 23. Qd2 Rae8 24. Qd4 b5 25. axb5 axb5 26. Ra7 Qd8 27. Rb7 f5 28. Nxb5
Bxb5 29. Rxb5 Rxe4 30. Rxe4 Rxe4 31. Qc3 Qe7 32. Rb4 Re1 33. Qxc4 f4 34. Rb3 Nf5
35. Qa6 Qe4 36. Qd3 Qe7 37. Qa6 Qe5 38. Qd3 h5 39. Rb7+ Kh6 40. Qd2 Nd4 41.
Qxf4+ Qxf4 42. gxf4 h4 43. f3 Rc1 44. Kf2 Rc2+ 45. Ke3 Nf5+ 46. Kd3 Rxh2 47. b4
Rf2 48. Be2 h3 49. Rb8 h2 50. Rh8+ Kg7 51. Rh3 Ng3 52. b5 Rxe2 53. b6 Rb2 54. f5
h1=Q 55. Rxh1 Nxh1 0-1

[Event "PNWCC Masters 2020"]
[Site "chess.com INT"]
[Date "2020.05.23"]
[Round "1.15"]
[White "Bosiocic, Marin"]
[Black "Guha, Eshan"]
[Result "1-0"]
[WhiteTitle "GM"]
[WhiteElo "2625"]
[BlackElo "1866"]
[WhiteFideId "14507927"]
[BlackFideId "30958628"]
[EventDate "2020.05.23"]

1. d4 Nf6 2. Bg5 d5 3. e3 e6 4. c3 Be7 5. Bxf6 Bxf6 6. f4 Nd7 7. Nf3 Be7 8. Bd3
Nf6 9. Nbd2 c5 10. O-O O-O 11. Ne5 b6 12. Qf3 Bb7 13. Qh3 Ne4 14. Nxe4 dxe4 15.
Bc4 Bd5 16. f5 f6 17. Bxd5 Qxd5 18. Ng6 Rfe8 19. Nf4 Qxf5 20. g4 Qg5 21. Nxe6
Qd5 22. Nc7 Qd7 23. Nxa8 Rxa8 24. Qg2 Qd5 25. Rf4 Bd6 26. Qxe4 Qxe4 27. Rxe4 Kf7
28. Rf1 g6 29. d5 Rd8 30. Re6 Be7 31. c4 Rd6 32. Rfxf6+ Bxf6 33. Rxd6 Ke7 34.
Re6+ Kf7 35. b3 Bg7 36. Rc6 Be5 37. Re6 Bg7 38. Kg2 Bc3 39. h3 Bg7 40. Kf3 Bc3
41. e4 1-0

[Event "PNWCC Masters 2020"]
[Site "chess.com INT"]
[Date "2020.05.23"]
[Round "1.16"]
[White "Zhang, Samuel"]
[Black "Tang, Andrew"]
[Result "0-1"]
[BlackTitle "GM"]
[WhiteElo "2033"]
[BlackElo "2538"]
[WhiteFideId "30942993"]
[BlackFideId "2059630"]
[EventDate "2020.05.23"]

1. e4 e5 2. Nf3 Nc6 3. Bc4 Nf6 4. d3 h6 5. c3 d6 6. Nbd2 g5 7. a4 Bg7 8. Nf1 O-O
9. Ng3 Ne7 10. h4 g4 11. Nh2 Ng6 12. Nf5 d5 13. Bxd5 Bxf5 14. exf5 Qxd5 15. fxg6
Qxg2 16. gxf7+ Rxf7 17. Ke2 g3 18. Qf1 Qd5 19. fxg3 Nh5 20. Qg1 Rd8 0-1

[Event "PNWCC Masters 2020"]
[Site "chess.com INT"]
[Date "2020.05.23"]
[Round "1.17"]
[White "Lintchevski, Daniil"]
[Black "Wofford, Matthew"]
[Result "1-0"]
[WhiteTitle "GM"]
[WhiteElo "2559"]
[BlackElo "1995"]
[WhiteFideId "4171055"]
[BlackFideId "2095971"]
[EventDate "2020.05.23"]

1. e4 c5 2. Nf3 d6 3. d4 cxd4 4. Nxd4 Nf6 5. Nc3 a6 6. Be3 e5 7. Nf3 Be7 8. Bc4
Qc7 9. Bb3 O-O 10. O-O b5 11. Bg5 Nbd7 12. Nd5 Qd8 13. Bxf6 Nxf6 14. Qe2 Bb7 15.
Rfd1 Rc8 16. Nxf6+ Bxf6 17. Bd5 Bxd5 18. Rxd5 Qc7 19. c3 Be7 20. Nd2 Qb6 21. Rd1
f5 22. exf5 Rxf5 23. Ne4 Rcf8 24. Kh1 Rxf2 25. Nxf2 Qxf2 26. Qxf2 Rxf2 27. R5d2
Rf5 28. g3 Kf7 29. Kg2 Ke6 30. a4 e4 31. Re2 Re5 32. axb5 axb5 33. Ra1 Kd5 34.
b3 Kc5 35. Ra6 d5 36. Rd2 e3 37. b4+ Kc4 38. Rc6+ Kb3 39. Re2 Bg5 40. h4 Bf6 41.
Rc5 Re4 42. Rxb5 Kc4 43. Rc5+ Kd3 44. Kf1 Bxc3 45. Rxd5+ Kc4 46. Rd7 Kxb4 47.
Kg2 Bd2 48. Rxg7 h6 49. Rg6 Kc4 50. Rxh6 Kd3 51. Kf3 Re8 52. Rd6+ Kc3 53. Rf6
Kd3 54. h5 Bc3 55. Rf7 Bd4 56. h6 Ra8 57. h7 Ra1 58. Rxe3+ Bxe3 59. Rd7+ 1-0

[Event "PNWCC Masters 2020"]
[Site "chess.com INT"]
[Date "2020.05.23"]
[Round "1.18"]
[White "Nguyen, Thanh Thuy Tien"]
[Black "Tran, Tuan Minh"]
[Result "0-1"]
[WhiteTitle "WIM"]
[BlackTitle "GM"]
[WhiteElo "1971"]
[BlackElo "2518"]
[WhiteFideId "12400998"]
[BlackFideId "12401820"]
[EventDate "2020.05.23"]

1. Nf3 Nf6 2. c4 b6 3. Nc3 Bb7 4. d4 e6 5. e3 Bb4 6. Bd3 Bxc3+ 7. bxc3 Be4 8.
O-O Nc6 9. Bxe4 Nxe4 10. d5 Na5 11. Qd4 Nf6 12. Ba3 d6 13. e4 O-O 14. dxe6 fxe6
15. e5 c5 16. Qh4 dxe5 17. Nxe5 Nd7 18. Qe4 Nxe5 19. Qxe5 Qf6 20. Qxf6 gxf6 21.
Rad1 Rfd8 22. Bc1 Nxc4 23. g4 Kf7 24. Kg2 a5 25. a4 Rd5 26. Rxd5 exd5 27. Rd1
Rd8 28. f4 d4 29. Rd3 Ke6 30. h4 Kd5 31. Kf3 Re8 32. cxd4 cxd4 33. Rd1 b5 34.
axb5 Rb8 35. h5 Rxb5 36. g5 fxg5 37. fxg5 Rb3+ 38. Kf4 Ne5 39. Rf1 Rh3 40. h6
Rb3 41. Kf5 Rb7 42. g6 Nxg6 0-1

[Event "PNWCC Masters 2020"]
[Site "chess.com INT"]
[Date "2020.05.23"]
[Round "1.19"]
[White "Yoo, Christopher Woojin"]
[Black "Li, Thomas"]
[Result "1-0"]
[WhiteTitle "IM"]
[WhiteElo "2455"]
[BlackElo "1822"]
[WhiteFideId "30909694"]
[BlackFideId "30957621"]
[EventDate "2020.05.23"]

1. e4 c5 2. Nf3 d6 3. d4 cxd4 4. Nxd4 Nf6 5. Nc3 a6 6. Bg5 e6 7. Qf3 Be7 8.
O-O-O Nbd7 9. Be2 Qc7 10. Qg3 b5 11. a3 Bb7 12. Rhe1 Rc8 13. Bxf6 Bxf6 14. Bxb5
O-O 15. Bxd7 Qxd7 16. Rd3 Rc4 17. e5 dxe5 18. Nf3 Qc7 19. Nxe5 Bxe5 20. Rxe5 Re8
21. f3 f6 22. Re1 Qa5 23. Rd7 g6 24. Rxb7 Rxc3 25. bxc3 Qxc3 26. Kb1 Rc8 27. Rc1
Qc6 28. Rb8 1-0

[Event "PNWCC Masters 2020"]
[Site "chess.com INT"]
[Date "2020.05.23"]
[Round "1.20"]
[White "Hoesley, Aria"]
[Black "Grabinsky, Aaron"]
[Result "1/2-1/2"]
[BlackTitle "IM"]
[WhiteElo "1885"]
[BlackElo "2461"]
[WhiteFideId "30918669"]
[BlackFideId "2087090"]
[EventDate "2020.05.23"]

1. e4 c6 2. d4 d5 3. f3 g6 4. Nc3 Bg7 5. e5 h5 6. Nge2 Nh6 7. Be3 Na6 8. Qd2 Nc7
9. Nf4 Nf5 10. Bf2 Ne6 11. Nxe6 Bxe6 12. Bd3 Bh6 13. Qe2 Qb6 14. O-O Qxb2 15.
Na4 Qb4 16. Bxf5 Qxa4 17. Bxe6 fxe6 18. Qd3 Rg8 19. Rfb1 b5 20. Qc3 Qc4 21. Qxc4
dxc4 22. a4 a6 23. axb5 cxb5 24. Rxb5 axb5 25. Rxa8+ Kf7 26. Rxg8 Kxg8 27. Kf1
Kf7 28. Ke2 Ke8 29. Be1 Kd7 30. Bb4 h4 31. g3 hxg3 32. hxg3 Bc1 33. c3 Ke8 34.
f4 Kd7 35. Kd1 Be3 36. Ke2 Bg1 37. Kf1 Be3 38. Ke2 Bc1 39. Kd1 Be3 40. Ke2 1/2-1/2

[Event "PNWCC Masters 2020"]
[Site "chess.com INT"]
[Date "2020.05.23"]
[Round "1.21"]
[White "Murzin, Volodar"]
[Black "Wilson, Ronen"]
[Result "1-0"]
[WhiteTitle "IM"]
[WhiteElo "2465"]
[BlackElo "1909"]
[WhiteFideId "44155573"]
[BlackFideId "30926173"]
[EventDate "2020.05.23"]

1. d4 Nf6 2. Nf3 d5 3. Bf4 e6 4. Nbd2 Bd6 5. e3 c5 6. c3 O-O 7. Bd3 Qc7 8. Bg3
Nbd7 9. O-O Bxg3 10. hxg3 b6 11. a4 Bb7 12. a5 e5 13. Bb5 e4 14. Nh2 Bc6 15. Qa4
Bxb5 16. Qxb5 Rfb8 17. Rfb1 a6 18. axb6 Rxb6 19. Qa5 c4 20. Ra2 Qb7 21. Qa4 Rb8
22. Qd1 Qc7 23. Qe2 R8b7 24. Ndf1 Qb8 25. g4 h6 26. f4 Ne8 27. Ng3 Nc7 28. Nf5
a5 29. Qc2 Rb3 30. Ne7+ Kf8 31. Nc6 Qa8 32. Rxa5 Qc8 33. Nb4 Nb6 34. Rba1 Rb8
35. Qf2 Ra8 36. Rxa8 Nbxa8 37. Ra2 Qb7 38. Nf1 Ke8 39. f5 f6 40. Qf4 Kd7 41. Nd2
Rxb4 42. cxb4 Qxb4 43. Qf2 Nb6 44. Nb1 Qb3 45. Nc3 Nc8 46. Ra5 Ne7 47. Ra3 Qb4
48. Qc2 Nc6 49. Qf2 Kc8 50. Kh2 Qd6+ 51. Qg3 Qxg3+ 52. Kxg3 Nb4 53. Ra5 Kb7 54.
Kf2 Kc6 55. Ke2 Nd3 56. Nd1 Kb6 57. Ra1 Na6 58. Nc3 Nc7 59. Kd2 Kc6 60. Ra5 Nxb2
61. Rc5+ Kd6 62. Nb5+ Nxb5 63. Rxb5 c3+ 64. Kxc3 Nc4 65. Rb7 Nxe3 66. Rxg7 Nxg2
67. Rf7 Ne3 68. Rxf6+ Ke7 69. Rg6 Kf7 70. Kd2 Nc4+ 71. Ke2 Na3 72. Rxh6 Nc2 73.
Rd6 Nxd4+ 74. Kf2 Nf3 75. Rxd5 Ng5 76. Ke3 Kf6 77. Rd6+ Ke5 78. Rg6 Nf7 79. Re6+
Kd5 80. Rxe4 1-0

[Event "PNWCC Masters 2020"]
[Site "chess.com INT"]
[Date "2020.05.23"]
[Round "1.22"]
[White "Modi, Ethan"]
[Black "Polivanov, Anatoliy"]
[Result "0-1"]
[BlackTitle "IM"]
[WhiteElo "1786"]
[BlackElo "2452"]
[WhiteFideId "30960592"]
[BlackFideId "14109468"]
[EventDate "2020.05.23"]

1. d4 e6 2. c4 f5 3. Nc3 Nf6 4. Nf3 g6 5. g3 Bg7 6. Bg2 O-O 7. O-O d6 8. Qd3 Nc6
9. d5 Nb4 10. Qd1 e5 11. a3 Na6 12. b4 e4 13. Nd4 Ng4 14. e3 Ne5 15. Qe2 g5 16.
f3 exf3 17. Bxf3 f4 18. Bd2 g4 19. Be4 f3 20. Qd1 Nxc4 21. Ne6 Bxe6 22. dxe6 c6
23. Qc2 Nxd2 24. Qxd2 d5 25. Bc2 Qf6 26. Qd3 f2+ 27. Rxf2 Qxf2+ 28. Kh1 Rf6 29.
Qxh7+ Kf8 30. e7+ Kf7 31. Qh5+ Kxe7 32. Nxd5+ cxd5 33. Qe5+ Kf8 34. Qxd5 Qxc2
35. b5 Nc5 0-1